| 000 | 00368nam a2200145Ia 4500 | ||
|---|---|---|---|
| 008 | 150201s2013 xx 000 0 und d | ||
| 082 |
_a612.015 _bP13V |
||
| 100 | _aVASUDEVAN D.M. | ||
| 245 | _aPRACTICAL TB. OF BIOCHEMISTRY FOR MEDICAL STUDENTS | ||
| 250 | _a2ND | ||
| 260 |
_bJAYPEE _aDELHI _c2013 |
||
| 300 | _a1-149 | ||
| 650 | _aBIOCHEMISTRY | ||
| 942 |
_2ddc _cBK _03 |
||
| 999 |
_c1765 _d1765 |
||